[Event "2006 Standard Chess Dropout Tournament, Round 3"]
[Site "SchemingMind.com"]
[Date "2006.07.11"]
[Round "3"]
[White "John Elburg"]
[Black "danielchess"]
[Result "1-0"]
[WhiteCountry "NED"]
[BlackCountry "ARG"]
[WhiteElo "2162"]
[WhiteRD "89"]
[BlackElo "2036"]
[BlackRD "100"]
[GameID "59298"]

1. e4 Nf6 2. e5 Nd5 3. d4 d6 4. Nf3 g6 5. Bc4 Nb6 6. Bb3 Bg7 7. a4 a5 8. Qe2 d5 9. h3 O-O 10. O-O Nc6
11. Nc3 Bf5 12. Bf4 Qd7 13. Qd2 Nc4 14. Bxc4 dxc4 15. d5 Nb4 16. Rac1 Rfd8 17. Rfd1 Qc8 18. Qe2 Bxc2 19. Rxc2 Qf5 20. Rcd2 Qxf4
21. Rd4 Qf5 22. g4 Qc8 23. Qxc4 b6 24. Rf4 Rf8 25. Re4 Qb7 26. Nd4 Rad8 27. Ree1 Qc8 28. f4 Qa6 29. Qxa6 Nxa6 30. Nc6 Rde8
31. f5 gxf5 32. gxf5 Kh8 33. Nb5 Rg8 34. Kf2 Bh6 35. Rg1 Bg5 36. Kf3 h5 37. Rd4 f6 38. e6 h4 39. b4 axb4 40. Nxb4 Nxb4
41. Rxb4 Rc8 42. Rc4 Kh7 43. Rxc7 Rxc7 44. Nxc7 Rg7 45. Re1 Bd2 46. d6
1-0

[Event "2006 Standard Chess Dropout Tournament, Round 3"]
[Site "SchemingMind.com"]
[Date "2006.07.11"]
[Round "3"]
[White "latvija"]
[Black "Erhaem"]
[Result "1-0"]
[WhiteCountry "USA"]
[BlackCountry "NED"]
[WhiteElo "2055"]
[WhiteRD "92"]
[BlackElo "2072"]
[BlackRD "63"]
[GameID "59299"]

1. e4 c5 2. Nf3 d6 3. d4 cxd4 4. Nxd4 Nf6 5. Nc3 a6 6. Bg5 e6 7. f4 Be7 8. Qf3 Qc7 9. O-O-O Nbd7 10. g4 b5
11. Bxf6 Nxf6 12. Bg2 Bb7 13. a3 O-O 14. g5 Ne8 15. Rd3 Rc8 16. Rhd1 Qc5 17. Qg4 b4 18. axb4 Qc4 19. Rh3 g6 20. f5 e5
21. Nb3 Bd8 22. Bf3 Qxb4 23. Qh4 h5 24. Bxh5
1-0

[Event "2006 Standard Chess Dropout Tournament, Round 3"]
[Site "SchemingMind.com"]
[Date "2006.07.11"]
[Round "3"]
[White "lea_dc"]
[Black "hobasileus"]
[Result "1-0"]
[WhiteCountry "ARG"]
[BlackCountry "NIR"]
[WhiteElo "1708"]
[WhiteRD "93"]
[BlackElo "1709"]
[BlackRD "119"]
[GameID "59300"]

1. e4 c5 2. Nf3 Nf6 3. e5 Nd5 4. c4 Nb6 5. d4 e6 6. Nc3 cxd4 7. Nxd4 Qc7 8. f4 d5 9. cxd5 Nxd5 10. Ndb5 Qb6
11. Nxd5 exd5 12. Qxd5 Bb4+ 13. Bd2 Bxd2+ 14. Qxd2 O-O 15. O-O-O Nc6 16. Nd6 Qc5+ 17. Kb1 Rd8 18. Qe1 Rxd6 19. Rxd6 Bf5+ 20. Bd3 Bxd3+
21. Rxd3 Nb4 22. Rc3 Qd5 23. Rb3
1-0

[Event "2006 Standard Chess Dropout Tournament, Round 3"]
[Site "SchemingMind.com"]
[Date "2006.07.11"]
[Round "3"]
[White "lumilinna"]
[Black "bluerabbit"]
[Result "1-0"]
[WhiteCountry "FIN"]
[BlackCountry "NZL"]
[WhiteElo "1756"]
[WhiteRD "74"]
[BlackElo "1729"]
[BlackRD "83"]
[GameID "59301"]

1. d4 Nf6 2. c4 e6 3. Nc3 d5 4. Bg5 Nbd7 5. e3 c6 6. Nf3 Qa5 7. cxd5 Nxd5 8. Qd2 Bb4 9. Rc1 O-O 10. Bd3 f6
11. Bh4 e5 12. O-O Bxc3 13. bxc3 Re8 14. e4 N5b6 15. Rfe1 Nf8 16. dxe5 fxe5 17. Qg5 Ng6 18. Bg3 Qc5 19. h4 Qe7 20. c4 Qxg5
21. Nxg5 Bg4 22. c5 h6 23. cxb6 hxg5 24. hxg5 axb6 25. f3 Be6 26. Bf2 Rxa2 27. Bxb6 Rxg2+ 28. Kxg2 Nf4+ 29. Kg3 Nxd3 30. Red1 Nxc1
31. Rxc1 Re7 32. Rc5 Bf7 33. Kg4 Bg6 34. Bd8 Rd7 35. Ba5 Re7 36. Bc3 Be8 37. Ra5 b5 38. Ra8 Kf7 39. Bb4 Bd7+ 40. Kh5 Re8
41. Rxe8= Bxe8 42. Kg4 Ke6 43. Bc5 g6 44. Kg3 Kd7 45. Kf2 Kc7 46. Ke3 Bf7 47. Kd3 Kb7 48. Bd6 Kb6 49. Bxe5
1-0

[Event "2006 Standard Chess Dropout Tournament, Round 3"]
[Site "SchemingMind.com"]
[Date "2006.07.11"]
[Round "3"]
[White "markagodfrey"]
[Black "agrillage"]
[Result "1/2-1/2"]
[WhiteCountry "GBR"]
[BlackCountry "MLT"]
[WhiteElo "2129"]
[WhiteRD "76"]
[BlackElo "2033"]
[BlackRD "80"]
[GameID "59302"]

1. e4 c5 2. Nf3 g6 3. d4 Bg7 4. c4 Qa5+ 5. Bd2 Qb6 6. Bc3 Nc6 7. dxc5 Bxc3+ 8. Nxc3 Qxc5 9. Bd3 Nf6 10. Nd5 Nxd5
11. cxd5 Nd4 12. O-O Nxf3+ 13. Qxf3 O-O 14. Rac1 Qb6 15. Qe3 Qxb2 16. Rc2 Qa3 17. Qd2 b6 18. Rfc1 Ba6 19. Rc3 Qa5 20. Bxa6 Qxa6
21. Qc2 Rfd8=
1/2-1/2

[Event "2006 Standard Chess Dropout Tournament, Round 3"]
[Site "SchemingMind.com"]
[Date "2006.07.12"]
[Round "3"]
[White "NimbleKnight"]
[Black "dfan"]
[Result "1-0"]
[WhiteCountry "USA"]
[BlackCountry "USA"]
[WhiteElo "1880"]
[WhiteRD "108"]
[BlackElo "1816"]
[BlackRD "104"]
[GameID "59304"]

1. e4 Nf6 2. e5 Nd5 3. c4 Nb6 4. d4 d6 5. f4 dxe5 6. fxe5 c5 7. d5 g6 8. Nc3 Bg7 9. Bf4 O-O 10. Qd2 e6
11. O-O-O exd5 12. cxd5 Bg4 13. Re1 c4 14. h3 Bc8 15. Nf3 Na6 16. Qd4 Re8 17. Bxc4 Nxc4 18. Qxc4 b6 19. Re3 Nc5 20. Rhe1 Ba6
21. Qd4 Rc8 22. Kb1 Nb7 23. Qd2 Kh8 24. Ng5 Kg8 25. e6 fxe6 26. Nxe6 Qd7 27. Nxg7 Kxg7 28. Qd4+ Kg8 29. Ne4 Qf5 30. Bh6 Re7
31. Rf3
1-0

[Event "2006 Standard Chess Dropout Tournament, Round 3"]
[Site "SchemingMind.com"]
[Date "2006.07.11"]
[Round "3"]
[White "pattSir"]
[Black "Katarrov"]
[Result "1/2-1/2"]
[WhiteCountry "GER"]
[BlackCountry "ESP"]
[WhiteElo "2158"]
[WhiteRD "97"]
[BlackElo "2183"]
[BlackRD "94"]
[GameID "59305"]

1. e4 e5 2. Bc4 Bc5 3. b4 Bxb4 4. c3 Ba5 5. f4 Nc6 6. Nf3 exf4 7. d4 Nf6 8. e5 Ne4 9. O-O d5 10. exd6 cxd6
11. Bd5 Nf6 12. Bxc6+ bxc6 13. Qa4 O-O 14. Bxf4 d5 15. Bg5 Qc7 16. Bxf6 gxf6 17. Nbd2 Re8 18. Rac1 Bg4 19. Rf2 Bb6 20. c4 Qd7
21. Nb3 Re3 22. cxd5 cxd5 23. Qxd7 Bxd7 24. Nc5 Rc8 25. Rb2 Bf5 26. Kf2 Ra3 27. Nd2 Kg7 28. Nf1 Kg6 29. Ng3 Bd3 30. Rxb6 Rxa2+
31. Ke3 axb6 32. Nxd3 Rxc1 33. Nxc1 Rxg2 34. Nf1 Rb2 35. Ne2 Kg5 36. Nc3 Rb3 37. Kd3 f5 38. Nd2 Ra3 39. Kc2 Ra5 40. Nb3 Ra6
41. Nxd5 f4 42. Nd2 Kf5 43. Kd3 b5 44. Nc3 Ra3 45. Kc2 b4 46. Nd5 Rh3 47. Nxb4 Rxh2 48. d5 Rg2 49. Nc6 h5 50. Kd3 h4
51. Nd4+ Ke5 52. N4f3+ Kxd5 53. Nxh4 Rg3+ 54. Nhf3 Rh3 55. Ke2 Rh8 56. Ne1 Rh2+ 57. Kd3 f6 58. Nef3=
1/2-1/2

[Event "2006 Standard Chess Dropout Tournament, Round 3"]
[Site "SchemingMind.com"]
[Date "2006.07.11"]
[Round "3"]
[White "pedrinho"]
[Black "eHowitzer"]
[Result "1-0"]
[WhiteCountry "GBR"]
[BlackCountry "CAN"]
[WhiteElo "1799"]
[WhiteRD "95"]
[BlackElo "2140"]
[BlackRD "91"]
[GameID "59306"]

1. e4 c6 2. d4 d5 3. e5 Bf5 4. Nf3 e6 5. Be2 c5 6. O-O Nc6 7. c3 cxd4 8. Nxd4 Nge7 9. Bg5 Qb6 10. b4 Nxd4
11. Qxd4 Qxd4 12. cxd4 Nc6 13. Bb5 Bxb4 14. a3 Bd2 15. Bxc6+ bxc6 16. Nxd2= h6 17. Be3
1-0

[Event "2006 Standard Chess Dropout Tournament, Round 3"]
[Site "SchemingMind.com"]
[Date "2006.07.12"]
[Round "3"]
[White "pjl1015"]
[Black "Reddog"]
[Result "1-0"]
[WhiteCountry "USA"]
[BlackCountry "ENG"]
[WhiteElo "2126"]
[WhiteRD "173"]
[BlackElo "1924"]
[BlackRD "96"]
[GameID "59307"]

1. e4 e6 2. Nf3 d5 3. e5 c5 4. c3 Nc6 5. d4 Qb6 6. a3 Bd7 7. b4 cxd4 8. cxd4 Be7 9. Nc3 Rc8 10. Na4 Qc7
11. Rb1 Bd8 12. Bd2 Nge7 13. Rc1 a6 14. Bd3 O-O 15. Bxh7+ Kh8 16. Ng5 Ng8 17. Qh5 Nh6 18. Nxf7+ Kxh7 19. Nxh6 Be8 20. Qh3 Rb8
21. Rc3 Bg6 22. O-O Be7 23. Rfc1 Qd7 24. Rg3 Qe8 25. Nc5 Bxc5 26. Rxc5 Bh5 27. Rxc6 bxc6 28. Rg5 g6 29. g4 Kg7 30. gxh5 Rb7
31. hxg6 Rh8 32. Rg4 Qd8 33. Bg5
1-0

[Event "2006 Standard Chess Dropout Tournament, Round 3"]
[Site "SchemingMind.com"]
[Date "2006.07.12"]
[Round "3"]
[White "qhalid"]
[Black "fer_even"]
[Result "1/2-1/2"]
[WhiteCountry "USA"]
[BlackCountry "ARG"]
[WhiteElo "2162"]
[WhiteRD "103"]
[BlackElo "2254"]
[BlackRD "80"]
[GameID "59308"]

1. c4 e5 2. Nc3 Nf6 3. Nf3 Nc6 4. g3 d5 5. cxd5 Nxd5 6. Bg2 Nb6 7. O-O Bg4 8. d3 Be7 9. a4 a5 10. Be3 O-O
11. Rc1 Re8 12. d4 Bxf3 13. Bxf3 exd4 14. Bxc6 bxc6 15. Qxd4 Qxd4 16. Bxd4 Rab8 17. Rc2 Red8 18. Be3 f6 19. b3 Bd6 20. Rb1 Re8
21. Kf1 Kf7 22. Bd2 Nd7 23. Na2 Re4 24. Bxa5 Rxa4 25. bxa4 Rxb1+ 26. Kg2 Nb8 27. h4 Ke6 28. Bd2 Rb3 29. Nc3 Na6 30. Ne4 c5
31. Rc3 Rb2 32. Re3 Kd7 33. h5=
1/2-1/2

[Event "2006 Standard Chess Dropout Tournament, Round 3"]
[Site "SchemingMind.com"]
[Date "2006.07.30"]
[Round "3"]
[White "Quirine"]
[Black "budi"]
[Result "0-1"]
[WhiteCountry "NED"]
[BlackCountry "INA"]
[WhiteElo "1943"]
[WhiteRD "75"]
[BlackElo "2042"]
[BlackRD "108"]
[GameID "59309"]

1. d4 d5 2. Nf3 c6 3. c4 Nf6 4. Nc3 dxc4 5. e4 Bg4 6. Bxc4 e6 7. Be3 Nbd7 8. h3 Bxf3 9. Qxf3 Be7 10. O-O Nb6
11. Bb3 O-O 12. Rfd1 Qc7 13. Rac1 Nfd7 14. Bf4 Qd8 15. Qg3 Re8 16. d5 e5 17. Bxe5 Nxe5 18. Qxe5 Ba3 19. Qf4 Bxb2 20. dxc6 Qe7
21. Rc2 Bxc3 22. Rxc3 Rac8 23. c7 Rf8 24. Bd5 Na4 25. Rc2 Nc5 26. Rc3 b6 27. h4 Rxc7 28. h5 h6 29. Rg3 Kh8 30. Qg4 Qf6
31. f4 Rg8 32. e5 Qe7 33. Re1 Rd7 34. Bc4 Rd4 35. Bb3 Nd3 36. Rf1 Qc5 37. Kh2 Nxe5 38. Qf5 Nf3+
0-1

[Event "2006 Standard Chess Dropout Tournament, Round 3"]
[Site "SchemingMind.com"]
[Date "2006.07.11"]
[Round "3"]
[White "rabbit"]
[Black "wilfried"]
[Result "0-1"]
[WhiteCountry "USA"]
[BlackCountry "GER"]
[WhiteElo "2020"]
[WhiteRD "87"]
[BlackElo "2300"]
[BlackRD "112"]
[GameID "59310"]

1. e4 c5 2. Nf3 d6 3. d4 cxd4 4. Nxd4 Nf6 5. Nc3 a6 6. Bc4 e6 7. O-O Be7 8. Bg5 b5 9. Bd3 O-O 10. Re1 Qb6
11. Be3 Qc7 12. Qf3 Bb7 13. a3 Nbd7 14. Qg3 Ne5 15. Rad1 Rac8 16. Bg5 Nh5 17. Qh4 Bxg5 18. Qxg5 Nf6 19. f4 Qb6 20. Bxb5 axb5
21. fxe5 dxe5 22. Qxe5 Rc5 23. Qf4 e5 24. Qf2 Ng4 25. Qd2 Rd8 26. Nd5 Bxd5 27. exd5 Rcxd5 28. c3 exd4 29. cxd4 f5 30. Qc3 Rxd4
31. Rxd4 Rxd4 32. Kh1 Nf2+ 33. Kg1 Ne4 34. Qf3 Rd3+
0-1

[Event "2006 Standard Chess Dropout Tournament, Round 3"]
[Site "SchemingMind.com"]
[Date "2006.07.11"]
[Round "3"]
[White "Reddog"]
[Black "C. H. O'D. Schlechter"]
[Result "0-1"]
[WhiteCountry "ENG"]
[BlackCountry "USA"]
[WhiteElo "1924"]
[WhiteRD "96"]
[BlackElo "2316"]
[BlackRD "73"]
[GameID "59311"]

1. d4 e6 2. Nf3 d5 3. c4 c6 4. e3 f5 5. Nc3 Nf6 6. Bd3 Bd6 7. O-O O-O 8. c5 Bc7 9. b4 Ne4 10. Bb2 Nd7
11. a4 e5 12. dxe5 Nxe5 13. Be2 Nxf3+ 14. Bxf3 Ng5 15. Be2 f4 16. exf4 Rxf4 17. b5 Nh3+ 18. gxh3 Bxh3 19. Qd3 Qh4 20. Qg3 Rg4
21. Bxg4 Bxg3 22. Bxh3 Bb8 23. Be6+ Kh8 24. h3 Qg5+ 25. Bg4 h5 26. f3 hxg4 27. hxg4 Qe3+ 28. Kg2 Qf4 29. Rf2 Qh2+ 30. Kf1 Qh1+
31. Ke2 Qh7 32. Kd1 Qd3+ 33. Rd2 Qxf3+
0-1

[Event "2006 Standard Chess Dropout Tournament, Round 3"]
[Site "SchemingMind.com"]
[Date "2006.07.11"]
[Round "3"]
[White "Ryan"]
[Black "Kid A"]
[Result "1-0"]
[WhiteCountry "NED"]
[BlackCountry "FIN"]
[WhiteElo "2162"]
[WhiteRD "84"]
[BlackElo "1755"]
[BlackRD "95"]
[GameID "59313"]

1. e4 e5 2. Nf3 Nc6 3. Bb5 a6 4. Bxc6 dxc6 5. O-O Qd6 6. Na3 Bg4 7. Nc4 Qe6 8. Ncxe5 Bh5 9. Re1 Bd6 10. Nd3 O-O-O
11. e5 Be7 12. Nf4 Qh6 13. Nxh5 Qxh5 14. d4 Nh6 15. c4 g5 16. h3 g4 17. Nh2 Rhg8 18. Bxh6 Qxh6 19. Nxg4 Qf4 20. e6 f5
21. Ne5 Rxd4 22. Qh5 Rg7 23. Rad1 Rxd1 24. Rxd1 Kb8 25. Qe8+ Ka7 26. Nd7
1-0

[Event "2006 Standard Chess Dropout Tournament, Round 3"]
[Site "SchemingMind.com"]
[Date "2006.07.11"]
[Round "3"]
[White "sansubari"]
[Black "Ryan"]
[Result "0-1"]
[WhiteCountry "MAS"]
[BlackCountry "NED"]
[WhiteElo "1576"]
[WhiteRD "72"]
[BlackElo "2160"]
[BlackRD "87"]
[GameID "59314"]

1. d4 c5 2. dxc5 e5 3. b4 Nc6 4. c3 a5 5. b5 Nb8 6. Qd5 Qc7 7. Nf3 f6 8. Ba3 Ne7 9. Qe4 Ng6 10. b6 Qc6
11. Qxc6 Nxc6 12. e3 a4 13. Nbd2 Nd8 14. Nc4 Nf7 15. Bd3 d5 16. cxd6 Be6 17. Nfd2 Nh4 18. O-O Rd8 19. g3 Nf5 20. Ne4 N5xd6
21. Ncxd6+ Nxd6 22. Nxd6+ Bxd6 23. Bxd6 Rxd6 24. Bb5+ Bd7 25. Bxd7+ Kxd7 26. Rfd1 Rc8 27. Rxd6+ Kxd6 28. Rb1 Rxc3 29. Rb4 Ra3 30. Rb2 Kc6
31. e4 Rc3 32. Kg2 a3 33. Rb4 Rc2 34. Rb3 Rxa2 35. h4 Ra1 36. f4 a2 37. Ra3 Kxb6
0-1

[Event "2006 Standard Chess Dropout Tournament, Round 3"]
[Site "SchemingMind.com"]
[Date "2006.07.16"]
[Round "3"]
[White "saxon"]
[Black "winkel"]
[Result "1-0"]
[WhiteCountry "GER"]
[BlackCountry "DEN"]
[WhiteElo "2263"]
[WhiteRD "98"]
[BlackElo "2083"]
[BlackRD "76"]
[GameID "59315"]

1. e4 e5 2. Nf3 Nc6 3. Bb5 a6 4. Bxc6 dxc6 5. O-O Bg4 6. h3 Bxf3 7. Qxf3 Qf6 8. Qxf6 Nxf6 9. d3 Bc5 10. Nd2 Nd7
11. Nc4 f6 12. Kh2 O-O-O 13. f4 Rhe8 14. g4 exf4 15. Bxf4 Nf8 16. Be3 Bxe3 17. Nxe3 Ne6 18. h4 Rf8 19. Rf2 b5 20. Raf1 Rfe8
21. Kg3 c5 22. b3 c6 23. Rf5 h6 24. Ra1 Rd4 25. a4 Kb7 26. axb5 axb5 27. Rff1 Ra8 28. Rxa8 Kxa8 29. e5 fxe5 30. Rf5 Rd6
31. Rxe5 Nd4 32. Nf5 Nxf5+ 33. gxf5 Kb8 34. Rxc5 g6 35. Kf4 Kc7 36. Ke5
1-0

[Event "2006 Standard Chess Dropout Tournament, Round 3"]
[Site "SchemingMind.com"]
[Date "2006.07.11"]
[Round "3"]
[White "simon_w"]
[Black "NimbleKnight"]
[Result "0-1"]
[WhiteCountry "IRL"]
[BlackCountry "USA"]
[WhiteElo "1607"]
[WhiteRD "75"]
[BlackElo "1855"]
[BlackRD "110"]
[GameID "59316"]

1. e4 e6 2. d4 d5 3. e5 c5 4. b3 cxd4 5. Qxd4 Nc6 6. Bb5 Qa5+ 7. Nc3 Bb4 8. Bd2 Ne7 9. Nge2 Bd7 10. Bxc6 Nxc6
11. Qf4 O-O 12. O-O Qc7 13. Rad1 Qxe5 14. Qxe5 Nxe5 15. Nxd5 Bxd2 16. Rxd2 exd5 17. Rxd5 f6 18. f4 Bc6 19. Rd4 Nf7 20. h3 Rad8
21. f5 Rfe8 22. Rxd8 Rxd8 23. Nf4 Ne5 24. Nh5 Rd2 25. Rf2 Rxf2 26. Kxf2 Be4 27. g4 Bxc2 28. Ke3 Bb1
0-1

[Event "2006 Standard Chess Dropout Tournament, Round 3"]
[Site "SchemingMind.com"]
[Date "2006.07.11"]
[Round "3"]
[White "the gadget"]
[Black "inexorable"]
[Result "0-1"]
[WhiteCountry "ENG"]
[BlackCountry "USA"]
[WhiteElo "1994"]
[WhiteRD "91"]
[BlackElo "2154"]
[BlackRD "93"]
[GameID "59318"]

1. d4 d5 2. c4 e6 3. Nf3 Nf6 4. Nc3 Nbd7 5. Bg5 c6 6. e4 dxe4 7. Nxe4 Qb6 8. Qc2 Nxe4 9. Qxe4 Qxb2 10. Qb1 Bb4+
11. Kd1 Qxb1+ 12. Rxb1 c5 13. Bd3 Bc3 14. Be3 cxd4 15. Nxd4 b6 16. Kc2 Bxd4 17. Bxd4 Bb7 18. f3 O-O 19. c5 Rac8 20. Kd2 Nxc5
21. Bxc5 Rxc5
0-1

[Event "2006 Standard Chess Dropout Tournament, Round 3"]
[Site "SchemingMind.com"]
[Date "2006.07.11"]
[Round "3"]
[White "wilfried"]
[Black "qhalid"]
[Result "1/2-1/2"]
[WhiteCountry "GER"]
[BlackCountry "USA"]
[WhiteElo "2287"]
[WhiteRD "112"]
[BlackElo "2154"]
[BlackRD "101"]
[GameID "59319"]

1. d4 Nf6 2. c4 e6 3. Nf3 d5 4. g3 dxc4 5. Bg2 Nc6 6. O-O Rb8 7. Nc3 a6 8. Ne5 Nxe5 9. dxe5 Qxd1 10. Rxd1 Nd7
11. Bf4 Be7 12. Ne4 O-O 13. a4 h6 14. h4 b6 15. Kf1 Re8 16. h5 b5 17. axb5 Rxb5 18. Rdc1 Rxb2 19. Rxc4 c5 20. Rd1 Nb6
21. Rcc1 Nd5 22. Bd2 Rb5 23. Nd6 Bxd6 24. exd6 Bb7 25. e4 Nb6 26. f3 Rd8 27. Be3 c4 28. f4 f6 29. Bh3 Bxe4 30. Bxe6+ Kf8
31. Bxc4 Nxc4 32. Rxc4 Bf3=
1/2-1/2

[Event "2006 Standard Chess Dropout Tournament, Round 3"]
[Site "SchemingMind.com"]
[Date "2006.07.11"]
[Round "3"]
[White "winkel"]
[Black "Harold"]
[Result "1-0"]
[WhiteCountry "DEN"]
[BlackCountry "GBR"]
[WhiteElo "2070"]
[WhiteRD "75"]
[BlackElo "1412"]
[BlackRD "81"]
[GameID "59320"]

1. e4 e5 2. Nf3 Nc6 3. Bc4 Nf6 4. d3 Be7 5. O-O O-O 6. a3 d5 7. exd5 Nxd5 8. Re1 Be6 9. Nxe5 Qd6 10. Nxc6 Qxc6
11. Qf3 b5 12. Bb3 a5 13. Nc3 Rad8 14. Re5 Bd6 15. Nxd5 Bxd5 16. Qxd5 Qb6 17. Be3 Bc5 18. Qxc5 Qf6 19. Bg5
1-0

[Event "2006 Standard Chess Dropout Tournament, Round 3"]
[Site "SchemingMind.com"]
[Date "2006.07.11"]
[Round "3"]
[White "Zarra"]
[Black "lea_dc"]
[Result "1/2-1/2"]
[WhiteCountry "FIN"]
[BlackCountry "ARG"]
[WhiteElo "1690"]
[WhiteRD "84"]
[BlackElo "1708"]
[BlackRD "100"]
[GameID "59321"]

1. e4 e5 2. Nf3 Nc6 3. Bb5 a6 4. Ba4 Nf6 5. O-O b5 6. Bb3 Be7 7. Qe2 O-O 8. c3 Na5 9. Bc2 c5 10. Nxe5 Bb7
11. d4 cxd4 12. cxd4 d5 13. exd5 Nxd5 14. Qd3 g6 15. f4 Nb4 16. Qd2 Nxc2 17. Qxc2 Qxd4+ 18. Kh1 Rac8 19. Qe2 Bf6 20. Be3 Qe4
21. Nc3 Qf5 22. Qg4= Qxg4 23. Nxg4 Bg7 24. Rad1 Nc4 25. Bd4 Nxb2 26. Bxg7 Nxd1 27. Bxf8 Nxc3 28. Bd6 Nxa2 29. Nf6+ Kg7 30. Be5 b4
31. Ng4+ Kf8 32. Bd6+ Ke8 33. Nf6+ Kd8 34. Rd1 b3 35. Be5+ Ke7 36. Rd7+ Ke6 37. Rd6+ Ke7 38. Rd7+= Kf8 39. Nxh7+ Ke8=
1/2-1/2

[Event "2006 Standard Chess Dropout Tournament, Round 3"]
[Site "SchemingMind.com"]
[Date "2006.07.17"]
[Round "3"]
[White "naughtypawn"]
[Black "sansubari"]
[Result "1-0"]
[WhiteCountry "ESP"]
[BlackCountry "MAS"]
[WhiteElo "1963"]
[WhiteRD "104"]
[BlackElo "1576"]
[BlackRD "72"]
[GameID "60058"]

1. e4 d5 2. exd5 Qxd5 3. Nc3 Qe5+ 4. Be2 c6 5. d4 Qa5 6. Nf3 Bg4 7. O-O e6 8. h3 Bh5 9. Ne4 Be7 10. Bf4 Nf6
11. Nd6+ Bxd6 12. Bxd6 Ne4 13. Be5 Nf6 14. Nd2 Bxe2 15. Qxe2 Nbd7 16. Nc4 Qa6 17. Nd6+ Ke7 18. Qf3 Rhf8 19. Qg3 Rg8 20. f4 h6
21. f5 Nxe5 22. fxe6 Kxd6 23. Qxe5+ Ke7 24. Qc7+ Kxe6 25. Rae1+ Kd5 26. Qe5+ Kc4 27. Qc5#
1-0

[Event "2006 Standard Chess Dropout Tournament, Round 4"]
[Site "SchemingMind.com"]
[Date "2006.11.09"]
[Round "4"]
[White "agrillage"]
[Black "qhalid"]
[Result "1/2-1/2"]
[WhiteCountry "MLT"]
[BlackCountry "USA"]
[WhiteElo "2012"]
[WhiteRD "71"]
[BlackElo "2192"]
[BlackRD "109"]
[GameID "75555"]

1. c4 e5 2. g3 c6 3. d4 Bb4+ 4. Bd2 Bxd2+ 5. Qxd2 d6 6. Nc3 Nd7 7. Bg2 Ngf6 8. e3 O-O 9. Nge2 Qe7 10. O-O Nb6
11. b3 e4 12. d5 cxd5 13. Nxd5 Nbxd5 14. cxd5 Bg4 15. Nc3 Rfc8 16. Qd4 Bf3 17. Rac1 Rc5 18. b4 Bxg2 19. Kxg2 Rcc8 20. Rc2 b5
21. Qd2 a6 22. Rfc1 Qe5 23. a3=
1/2-1/2

[Event "2006 Standard Chess Dropout Tournament, Round 4"]
[Site "SchemingMind.com"]
[Date "2006.11.08"]
[Round "4"]
[White "boojiboy"]
[Black "Ryan"]
[Result "0-1"]
[WhiteCountry "USA"]
[BlackCountry "NED"]
[WhiteElo "1863"]
[WhiteRD "76"]
[BlackElo "2116"]
[BlackRD "88"]
[GameID "75556"]

1. e4 e5 2. Nf3 Nc6 3. Bb5 f5 4. d3 fxe4 5. dxe4 Nf6 6. O-O Bc5 7. Nc3 d6 8. Be3 Bxe3 9. fxe3 Bd7 10. Qe1 Nb4
11. Qe2 a6 12. Bxd7+ Qxd7 13. Rad1 Nc6 14. Nd5 Rf8 15. Ng5 O-O-O 16. h3 h6 17. Nf3 Nxe4 18. Qe1 g5 19. Nd2 Nxd2 20. Qxd2 e4
21. c4 Qe6 22. b4 g4 23. h4 Ne5 24. Qd4 g3 25. a4 Qg4 26. Rxf8 Rxf8 27. Rf1 Rxf1+ 28. Kxf1 Qxh4 29. Nf4 Qh1+ 30. Ke2 Qb1
31. c5 Qc2+ 32. Qd2 Qc4+ 33. Kd1 Qb3+ 34. Qc2 Qxb4 35. cxd6 Qxd6+ 36. Kc1 Nd3+ 37. Nxd3 exd3 38. Qc3 d2+ 39. Kd1 b5 40. axb5 axb5
41. Qh8+ Kb7 42. Qb2 Qd3 43. Qxd2 Qxd2+
0-1

[Event "2006 Standard Chess Dropout Tournament, Round 4"]
[Site "SchemingMind.com"]
[Date "2006.11.13"]
[Round "4"]
[White "budi"]
[Black "griffimv"]
[Result "0-1"]
[WhiteCountry "INA"]
[BlackCountry "INT"]
[WhiteElo "2012"]
[WhiteRD "113"]
[BlackElo "2341"]
[BlackRD "79"]
[GameID "75557"]

1. Nf3 Nf6 2. d4 g6 3. c4 Bg7 4. Nc3 d5 5. cxd5 Nxd5 6. e4 Nxc3 7. bxc3 c5 8. Bb5+ Nc6 9. O-O cxd4 10. cxd4 O-O
11. Bxc6 bxc6 12. Be3 Bg4 13. Rc1 Qa5 14. Qd2 Qxd2 15. Nxd2 Rfd8 16. Nb3 a5 17. Rxc6 a4 18. Nc5 Be2 19. Re1 Bxd4 20. Bxd4 Rxd4
21. h3 Rd2 22. a3 Rc2 23. Rc7 Rd8 24. Rxe7 Bb5 25. Rc7 Rdd2 26. Rb1 Bc4 27. Rb8+ Kg7 28. Rb4 Bb3 29. g3 Rxf2 30. Nxb3 Rg2+
31. Kf1 Rcf2+ 32. Ke1 Rb2 33. Kf1 Rh2 34. Kg1 Rhe2 35. Kf1 axb3 36. Rxb3 Rxb3 37. Kxe2 Rxg3 38. a4 Rxh3 39. a5 Ra3 40. Rc5 h5
41. Kf2 Kf6 42. Kg2 h4 43. Rb5 g5 44. Rf5+ Kg6 45. Rb5 g4 46. Rc5 h3+ 47. Kh2 Ra2+ 48. Kh1 g3 49. Rc1 Rxa5 50. Re1 Kg5
0-1

[Event "2006 Standard Chess Dropout Tournament, Round 4"]
[Site "SchemingMind.com"]
[Date "2006.11.12"]
[Round "4"]
[White "C. H. O'D. Schlechter"]
[Black "fer_even"]
[Result "1/2-1/2"]
[WhiteCountry "USA"]
[BlackCountry "ARG"]
[WhiteElo "2320"]
[WhiteRD "65"]
[BlackElo "2293"]
[BlackRD "81"]
[GameID "75558"]

1. e4 c5 2. Nf3 Nc6 3. d4 cxd4 4. Nxd4 e6 5. Nc3 Nf6 6. Ndb5 d6 7. a4 a6 8. Na3 d5 9. exd5 exd5 10. Bd3 Bc5
11. O-O O-O 12. Bg5 Be6 13. Ne2 h6 14. Bh4 g5 15. Bg3 h5 16. h4 Ng4 17. hxg5 Qxg5 18. c3 h4 19. Bf4 Qg7 20. Nc2 h3
21. Bg3 Rae8 22. Ncd4 Nge5 23. Kh2 hxg2 24. Kxg2 Bxd4 25. Nxd4 Nxd4 26. cxd4 Nxd3 27. Qxd3 f5 28. f4=
1/2-1/2

[Event "2006 Standard Chess Dropout Tournament, Round 4"]
[Site "SchemingMind.com"]
[Date "2006.11.08"]
[Round "4"]
[White "Chess Tiger"]
[Black "Gambiteer"]
[Result "1-0"]
[WhiteCountry "GER"]
[BlackCountry "ENG"]
[WhiteElo "2309"]
[WhiteRD "71"]
[BlackElo "2116"]
[BlackRD "67"]
[GameID "75559"]

1. e4 e6 2. d4 c5 3. Nf3 b6 4. d5 d6 5. Nc3 e5 6. Bb5+ Bd7 7. a4 Be7 8. O-O Nf6 9. Nh4 Nxe4 10. Nxe4 Bxh4
11. Nxd6+ Kf8 12. Qh5 Qe7 13. Nxf7 Qxf7 14. Qxh4 Bxb5 15. axb5 Nd7 16. c4 Qg6 17. f4 e4 18. f5
1-0

[Event "2006 Standard Chess Dropout Tournament, Round 4"]
[Site "SchemingMind.com"]
[Date "2006.11.08"]
[Round "4"]
[White "CuriousShadow"]
[Black "saxon"]
[Result "0-1"]
[WhiteCountry "USA"]
[BlackCountry "GER"]
[WhiteElo "2155"]
[WhiteRD "124"]
[BlackElo "2324"]
[BlackRD "91"]
[GameID "75560"]

1. e4 c5 2. Nf3 e6 3. d4 cxd4 4. Nxd4 Nc6 5. Nc3 Qc7 6. Be2 a6 7. O-O Nf6 8. Be3 Bb4 9. Na4 Be7 10. Nxc6 bxc6
11. Nb6 Rb8 12. Nxc8 Qxc8 13. Bd4 c5 14. Be5 Rb6 15. Qd3 d6 16. Bc3 O-O 17. b3 d5 18. e5 Nd7 19. f4 c4 20. bxc4 Rc6
21. Qh3 Nb6 22. Bd3 g6 23. Rf3 Re8 24. Rg3 Qc7 25. f5 exf5 26. Qxf5 Nxc4 27. Qf3 Nxe5 28. Bxe5 Qxe5 29. Rf1 Rf6 30. Qd1 Qd4+
31. Kh1 Rxf1+ 32. Qxf1 Bb4
0-1

[Event "2006 Standard Chess Dropout Tournament, Round 4"]
[Site "SchemingMind.com"]
[Date "2006.11.09"]
[Round "4"]
[White "danielchess"]
[Black "Erhaem"]
[Result "1/2-1/2"]
[WhiteCountry "ARG"]
[BlackCountry "NED"]
[WhiteElo "2062"]
[WhiteRD "94"]
[BlackElo "2087"]
[BlackRD "65"]
[GameID "75561"]

1. e4 e5 2. Nf3 Nc6 3. Bc4 Bc5 4. b4 Bxb4 5. c3 Ba5 6. d4 exd4 7. O-O dxc3 8. Qb3 Qf6 9. Bg5 Qg6 10. Nxc3 Bxc3
11. Qxc3 f6 12. Bf4 d6 13. Rfe1 Nge7=
1/2-1/2